Famous Birthdays - Statistics

General Stats
  • This quiz has been taken 46 times
    6 since last reset
  • The average score is 50 of 294
Answer Stats
Country 3 Biggest Cities % Correct
Argentina Buenos Aires
83%
Afghanistan Kabul
83%
Austria Vienna
83%
Azerbaijan Baku
67%
Egypt Cairo
67%
Denmark Copenhagen
67%
Cuba Havana
67%
Finland Helsinki
67%
Lyon
67%
France Paris
67%
Czech Republic Prague
67%
El Salvador San Salvador
67%
| Chile Santiago
67%
Australia Sydney
67%
Albania Tirana
67%
Alexandria
50%
Algeria Algiers
50%
Jordan Amman
50%
Andorra Andorra la Vella
50%
Greece Athens
50%
Beijing
50%
Lebanon Beirut
50%
Belmopan
50%
Germany Berlin
50%
Colombia Bogotá
50%
Brisbane
50%
Belgium Brussels
50%
Hungary Budapest
50%
Djibouti Djibouti
50%
Hamburg
50%
Israel Jerusalem
50%
Jamaica Kingston
50%
La Paz
50%
Melbourne
50%
Montreal
50%
Kenya Nairobi
50%
Naples
50%
Bahamas Nassau
50%
Quito
50%
Latvia Riga
50%
Italy Rome
50%
Bosnia and Herzegovina Sarajevo
50%
Shanghai
50%
Bulgaria Sofia
50%
Estonia Tallinn
50%
Tel Aviv
50%
Japan Tokyo
50%
Canada Toronto
50%
| Libya Tripoli
50%
Vancouver
50%
Croatia Zagreb
50%
Ethiopia Addis Ababa
33%
Antwerp
33%
Iraq Baghdad
33%
Benghazi
33%
Guinea-Bissau Bissau
33%
Republic of the Congo Brazzaville
33%
Barbados Bridgetown
33%
Cali
33%
Bangladesh Dhaka
33%
East Timor Dili
33%
Ireland Dublin
33%
Guyana Georgetown
33%
China Guangzhou
33%
Guatemala Guatemala City
33%
Haifa
33%
Indonesia Jakarta
33%
Democratic Republic of the Congo Kinshasa
33%
Angola Luanda
33%
Bahrain Manama
33%
Marseille
33%
Milan
33%
Belarus Minsk
33%
Nicosia
33%
Osaka
33%
Burkina Faso Ouagadougou
33%
Haiti Port au Prince
33%
Kosovo Pristina
33%
Costa Rica San José
33%
Dominican Republic Santo Domingo
33%
Brazil São Paulo
33%
Fiji Suva
33%
Georgia Tbilisi
33%
Honduras Tegucigalpa
33%
Iran Tehran
33%
Yaoundé
33%
Armenia Yerevan
33%
Yokohama
33%
Aarhus
17%
Cote d'Ivoire Abidjan
17%
Ghana Accra
17%
Kazakhstan Almaty
17%
Eritrea Asmara
17%
Astana
17%
Brunei Bandar Seri Begawan
17%
Bangalore
17%
Central African Republic Bangui
17%
Basra
17%
Kyrgyzstan Bishkek
17%
Brno
17%
Burundi Bujumbura
17%
Chittagong
17%
Córdoba
17%
Cork
17%
Benin Cotonou
17%
Delhi
17%
Gitega
17%
Giza
17%
Graz
17%
Kandahar
17%
Gabon Libreville
17%
Limerick
17%
Equatorial Guinea Malabo
17%
Lesotho Maseru
17%
Mashhad
17%
Medellín
17%
Mombasa
17%
Liberia Monrovia
17%
Comoros Moroni
17%
India Mumbai
17%
Munich
17%
Chad N'Djamena
17%
Cambodia Phnom Penh
17%
Porto-Novo
17%
Cape Verde Praia
17%
Iceland Reykjavík
17%
Dominica Roseau
17%
Grenada Saint George's
17%
Antigua and Barbuda Saint John's
17%
Split
17%
Surabaya
17%
Thessaloniki
17%
Bhutan Thimphu
17%
Laos Vientiane
17%
Abobo
0%
Kuwait Al Ahmadi
0%
Alajuela
0%
Ali Sabieh
0%
All Saints
0%
As Salimiyah
0%
Assomada
0%
Bafatá
0%
Bakau
0%
Bandung
0%
Banja Luka
0%
Barysaw
0%
Bata
0%
Battambang
0%
Batumi
0%
Belize Belize City
0%
Betio Village
0%
Bikenibeu Village
0%
Bimbo
0%
Bobo Dioulasso
0%
Bouaké
0%
Brikama
0%
Cabinda
0%
Camagüey
0%
Guinea Camayenne
0%
Carrefour
0%
Choloma
0%
Conakry
0%
Concepción
0%
Constantine
0%
Cuenca
0%
Daugavpils
0%
Debrecen
0%
Delmas
0%
Dire Dawa
0%
Dolisie
0%
Doma
0%
Cameroon Douala
0%
Durrës
0%
Ebebiyín
0%
El Alto
0%
Encamp
0%
Escaldes-Engordany
0%
Ferizaj
0%
Fomboni
0%
Franceville
0%
Francistown
0%
Freeport
0%
Botswana Gaborone
0%
Gabú
0%
Ganja
0%
Garoua
0%
Gbarnga
0%
Ghent
0%
Gouyave
0%
Grenville
0%
Ecuador Guayaquil
0%
Gyumri
0%
Hafnarfjörður
0%
Hawalli
0%
Herat
0%
Huambo
0%
Irbid
0%
Isfahan
0%
Jalal-Abad
0%
Kakata
0%
Keren
0%
Khulna
0%
Kisumu
0%
Kópavogur
0%
Koudougou
0%
Kuala Belait
0%
Kumasi
0%
Kutaisi
0%
Lautoka
0%
Leipāja
0%
Liberta
0%
Cyprus Limassol
0%
Linden
0%
Linz
0%
Lubumbashi
0%
Mafeteng
0%
Marigot
0%
Mbaiki
0%
Mek'ele
0%
Mindelo
0%
Miskolc
0%
Misrata
0%
Mixco
0%
Molepolole
0%
Mosul
0%
Moundou
0%
Moutsamoudou
0%
Muharraq
0%
Muyinga
0%
Nadi
0%
Narva
0%
New Amsterdam
0%
New Kingston
0%
Nzérékoré
0%
Odense
0%
Oistins
0%
Oran
0%
Osh
0%
Ostrava
0%
Pakxe
0%
Parakou
0%
Patras
0%
Phuntsholing
0%
Plovdiv
0%
Pointe-Noire
0%
Port-Gentil
0%
Portsmouth
0%
Prizren
0%
Puente Alto
0%
Puerto Limón
0%
Punakhta
0%
Riffa
0%
Rijeka
0%
Rio de Janeiro
0%
Rosario
0%
Salihorsk
0%
Salvador
0%
Same
0%
San Ignacio
0%
San Pedro Sula
0%
Santa Ana
0%
Bolivia Santa Cruz de la Sierra
0%
Santiago de Cuba
0%
Santo Domingo Este
0%
Sarh
0%
Savannakhet
0%
Gambia Serekunda
0%
Seria
0%
Shymkent
0%
Sidon
0%
Siem Reap
0%
Soyapanga
0%
Spanish Town
0%
Speightstown
0%
Strovolos
0%
Suai
0%
Sumqayit
0%
Tadjoura
0%
Tamale
0%
Tampere
0%
Kiribati Tarawa
0%
Tartu
0%
Teseney
0%
Teyateyaneng
0%
Turku
0%
Tuzla
0%
Vanadzor
0%
Varna
0%
Villa Nuevo
0%
Vlorë
0%
West End
0%
Zarqa
0%
No matching quizzes found
Score Distribution
Percent of People with Each Score
Percentile by Number Answered
Your Score History
You have not taken this quiz since the last reset